00712nam a2200181Ia 4500020001800000082001500018245003300033260003900066300001100105504011100116650006900227650004000296650003000336650004700366650005500413650004500468700001700513 a1-4051-4719-9 a306.2 RIS- 0aRise and rise of meritocracy aMaldenbBlackwell Publishingc2006 ax, 272 aFirst published 2006 by Blackwell Publishing as a special issue of the Political Quarterly; includes index aYoung, Michael Dunlop, 1915- Rise of the meritocracyvCongresses aElite (Social sciences)vCongresses aSocial statusvCongresses aMerit (Ethics)vSocial aspectsvCongresses aElite (Social sciences)vCongresseszGreat Britain aSocial statusvCongresseszGreat Britain aDench, Geoff